| 000 | 00440cam a2200181ua 4500 | ||
|---|---|---|---|
| 001 | 5007 | ||
| 008 | 120229n ii |||gr||||Z||||||eng | ||
| 040 | _cMAIN | ||
| 082 | _a821 | ||
| 100 |
_aMilton, John, _eAuthor, |
||
| 245 | 1 | 1 |
_aParadise lost book IX _cby John Milton |
| 250 | _a1st. | ||
| 260 |
_aAgra: _bLakshmi Narain agarwal. |
||
| 300 |
_a273p: _c23cm. |
||
| 653 | _aEnglish poetry | ||
| 700 | 1 |
_aJain, B. B., _eEditor, |
|
| 942 | _cBK | ||
| 999 |
_c4191 _d4191 |
||